[Event "Munich SKA"]
[Site "Munich"]
[Date "1993.??.??"]
[Round "11"]
[White "Gurevich, Mikhail"]
[Black "Huebner, Robert"]
[Result "1-0"]
[WhiteElo "2610"]
[BlackElo "2620"]
[Annotator "Hansen,Cu"]
[PlyCount "152"]
[EventDate "1993.05.??"]
[EventType "tourn"]
[EventRounds "11"]
[EventCountry "GER"]
[EventCategory "16"]
[SourceTitle "CBM 036"]
[Source "ChessBase"]
[SourceDate "1993.10.01"]
[SourceVersion "1"]
[SourceVersionDate "1993.10.01"]
[SourceQuality "1"]

1. d4 d5 2. c4 dxc4 3. e4 Nf6 4. e5 Nd5 5. Bxc4 Nb6 6. Bd3 Nc6 7. Be3 Be6 8.
Nc3 Nb4 (8... Qd7 9. Nf3 Bg4 (9... O-O-O 10. h3 Nb4 11. Be2 f5 12. O-O h6 13.
a3 N4d5 14. Ne1 Nxc3 15. bxc3 Bc4 $13 {Karpov,A-Ivanchuk,V/Reggio Emilia/1991/}
) 10. h3 Bxf3 11. Qxf3 e6 12. Rd1 O-O-O 13. O-O Nb4 14. Be4 $16 {Kortjnoj,
V-Hubner,R/Tilburg/1987/}) (8... Nc4 9. Be4 Bc8 10. e6 $16 {Furman,B-Noskov,A/
Moscow op Russian Winter/1991/}) (8... Bd5 9. Nf3 e6 10. O-O $14 {Salov,
V-Hubner,R/Haifa EUchT/1989/}) 9. Be4 N4d5 10. Nf3 Qd7 11. Ng5 g6 12. Nxe6 Qxe6
13. O-O f5 14. Bf3 (14. Bxd5 Nxd5 15. Qb3 O-O-O) 14... Nxe3 (14... Bg7 15. Qb3
O-O-O 16. Rac1 $14) 15. fxe3 Bh6 (15... c6 16. d5 (16. e4 $5) 16... Qxe5 (16...
cxd5 17. Nxd5 $40) 17. dxc6 Qxe3+ 18. Kh1 $16) 16. Qe2 {/\Bxb7} (16. e4 O-O-O {
קd4} 17. exf5 gxf5 (17... Be3+ $2 18. Kh1 gxf5 19. Bxb7+ Kxb7 20. Qf3+) 18.
Kh1 Kb8 $13 {/\Be3}) (16. Bxb7 Bxe3+ 17. Kh1 Rd8 $10) 16... c6 17. b3 {><c4} (
17. e4 O-O (17... Qc4 $6 18. exf5 Qxe2 19. Nxe2 $16) 18. exf5 gxf5 $10) 17...
Qd7 {/\e7-e6} 18. Na4 {/\Nc5} Nxa4 19. bxa4 {/\Rab1 קb7, /^Bf3-c6} e6 {/\f5-f4
} 20. Rfd1 (20. Rab1 O-O 21. Rb3 Rac8 22. Rfb1 Rc7 $10) 20... O-O 21. Rac1 Rf7
(21... g5 $2 22. g4 {ץh6}) 22. Rc3 Rd8 23. e4 $6 (23. g3 $10) 23... fxe4 24.
Bxe4 (24. Qxe4 $2 Rf4 $17) 24... Bf8 $1 25. h4 {/\h4-h5} Bb4 26. Rcd3 (26. Rg3
Bc5 $132) 26... Rdf8 $15 {<->f קd4} 27. h5 g5 (27... Rf2 28. Qxf2 (28. Qg4
R2f4 29. Qe2 $10) 28... Rxf2 29. Kxf2 $10) 28. h6 Ba5 {/\Bb6, ><d4} 29. Qg4 Qe7
{/\Rf4} 30. g3 Bd8 $2 {? Hübner} (30... Rf2 $1 {Hübner} 31. a3 (31. Rf3 $6
R8xf3 32. Bxf3 Rxa2 $17) 31... Bb6 $15 (31... Kh8 $5) (31... Ra2 $5)) 31. Rf3
Rxf3 32. Bxf3 Qf7 33. Kg2 Qf5 (33... Qg6 $2 34. Be4 Qxh6 35. Rh1 $18) 34. Qxf5
(34. Qh5 $6 Qc2+ $15) 34... exf5 {/\g5-g4 + Bg5} (34... Rxf5 $2 35. Bg4 $16)
35. Bh5 Be7 (35... Bc7 $6 36. Re1 {/\e6-e7}) 36. d5 $1 cxd5 37. Rc1 $14 {/\Rc7}
(37. Rxd5 Rd8 $10) 37... Rd8 (37... Bd8 38. e6 $16) 38. Rc7 Kf8 39. Kf3 (39.
Rxb7 g4 $132 {/\d5-d4-d3} 40. Rb1 Bg5 41. Rf1 Bxh6 42. Rxf5+ Ke7 (42... Kg8 43.
e6) 43. Bxg4 (43. Rf7+ Ke6 44. Rxh7 Be3 $10) 43... Be3 $14) 39... d4 (39... g4+
$2 40. Kf4 d4 41. Kxf5 d3 42. Bxg4 $16) 40. Ke2 d3+ 41. Kd1 a5 42. Rxb7 g4 43.
e6 Rd6 44. Rb5 (44. Bf7 $2 f4 $1 45. gxf4 g3 46. Rb2 $13 d2) 44... Bf6 (44...
Rxe6 45. Rxf5+ Bf6 46. Rxa5 {-> game}) 45. Rxf5 Rxe6 46. Rxa5 Bd8 $2 {? Hübner}
(46... Ke7 $8 {Hübner} 47. Ra7+ (47. Kd2 $5 {Hansen} Rd6 (47... Re2+ 48. Kxd3
Rxa2 49. Ra7+ Kd6 50. Bxg4 Ra3+ 51. Ke4 Rxg3 52. Rd7+ Kc6 53. Rxh7 Rxg4+ 54.
Kf5 Rxa4 55. Kxf6 Kd6 56. Rf7 $18) 48. Bxg4 {/\Bf3 + Be4 / g3-g4-g5} (48. Ra7+
Kd8 {/\Bg5+} (48... Rd7 $2 49. Rxd7+ Kxd7 50. Bxg4+ Kc7 51. Bf5 $18) 49. Bxg4 (
49. Rg7 Rd5 $132) 49... Bg5+ 50. Kd1 Rxh6 51. Rd7+ Ke8 52. Rxd3 $14) (48. Rf5
$5 Rd4 49. a5 Ra4 (49... Ke6 50. Rf4 Rxf4 51. gxf4 Kf5 52. Kxd3 Kxf4 53. Bxg4
Bd8 54. a6 Bb6 55. Bc8 Kg5 56. Kc4 Kxh6 57. Kb5 $18) 50. Kxd3 Ke6 (50... Rxa2
51. Bxg4 Ra3+ 52. Kc2 Rxg3 53. Be2 $14) 51. Rf4 (51. Rb5 Bd8 52. a6 Rxa6 53.
Bxg4+ Kf6 $10) 51... Ra3+ (51... Rxa5 $6 52. Bxg4+ Ke7 53. a4 $16) (51... Rxa2
52. Bxg4+ Kf7 53. Rf5 Ra3+ 54. Ke4 Rxg3 55. Be2 $14 Ra3 56. a6 Kg6) 52. Kc4)
48... Bd4 49. Bf5 (49. Rh5 Rg6 50. Bf5 Rxg3 51. Bxd3 (51. Bxh7 Be3+ $10) 51...
Rg2+ 52. Kc1 Rxa2 53. a5 $14) 49... Rxh6 50. Kxd3 $16) 47... Kd8 (47... Kd6 $2
48. Ra6+ Ke5 49. Rxe6+ Kxe6 50. Bxg4+ Ke5 (50... Kd5 51. Bf5) 51. a5 Bd8 52. a6
Bb6 53. Kd2 Kf6 54. Kxd3 Kg5 55. Bc8 Kxh6 56. Kc4 $18) 48. Kd2 Be7 49. Bxg4
Rxh6 $132 {/\Rg6/Rh2+}) 47. Rf5+ Bf6 48. Kd2 $16 Ke7 49. Kxd3 Rd6+ 50. Kc4 Rd2
51. Ra5 Rg2 52. Ra7+ Kd6 53. Ra6+ Ke7 54. Bxg4 Rxg3 55. Re6+ Kf7 56. Re4 Kg6
57. Kb4 Bc3+ 58. Kb5 Rg2 59. Be6 Kxh6 60. Kb6 (60. a5 $4 Rg5+) 60... Rd2 61. a5
Bd4+ 62. Kb7 Bf2 63. a6 Rd6 64. Bc4 Rd7+ 65. Kc6 Rg7 66. Rf4 Bg1 67. Rf6+ Kg5
68. Rf7 Rg6+ 69. Kb7 Rb6+ 70. Kc7 Rb4 71. Rg7+ Kf4 72. Rxg1 Rxc4+ 73. Kb6 Re4
74. Rc1 Ra4 75. Rh1 Rxa2 76. Rxh7 Ke5 1-0

[Event "Groningen"]
[Site "Groningen"]
[Date "1995.??.??"]
[Round "4"]
[White "Hansen, Curt"]
[Black "Lautier, Joel"]
[Result "1-0"]
[WhiteElo "2635"]
[BlackElo "2645"]
[Annotator "Hansen,LB"]
[PlyCount "115"]
[EventDate "1995.12.??"]
[EventType "tourn"]
[EventRounds "11"]
[EventCountry "NED"]
[EventCategory "17"]
[SourceTitle "CBM 051"]
[Source "ChessBase"]
[SourceDate "1996.04.01"]
[SourceVersion "1"]
[SourceVersionDate "1996.04.01"]
[SourceQuality "1"]

1. d4 d5 2. c4 dxc4 3. e4 e5 4. Nf3 exd4 (4... Bb4+) 5. Bxc4 Bb4+ 6. Nbd2 Nc6
7. O-O Nf6 8. e5 Nd5 9. Nb3 Nb6 10. Bg5 $5 (10. Bb5) 10... Be7 11. Bxe7 Nxe7
12. Bd3 O-O (12... Bf5 $5) (12... Nf5 $5) 13. Nbxd4 $14 Ng6 14. Re1 Bg4 15. h3
Bxf3 16. Nxf3 Nf4 17. Be4 c6 (17... Qxd1 18. Raxd1 c6 $14) 18. Qc2 h6 19. Rad1
Nbd5 20. h4 $1 Qb6 21. a3 Rad8 22. g3 (22. Nd2 $5) 22... Ne6 23. Nd2 {/\ Nc4-d6
} Nd4 $2 (23... Qc5 $1 $14) 24. Qd3 c5 $6 25. Nc4 Qe6 26. Bg2 b6 27. b4 $1 $16
Ne7 28. bxc5 bxc5 29. Nd6 Ng6 30. Nb7 (30. f4 $5 $16) 30... Rc8 31. Nxc5 $1
Rxc5 32. Qxd4 Rxe5 33. Rxe5 Nxe5 34. Qxa7 Qb3 35. Rf1 Nf3+ 36. Kh1 Re8 37. a4
Ne1 38. Qd7 Re6 39. Qc8+ Kh7 40. Be4+ $1 g6 (40... Rxe4 41. Qf5+ $18) 41. Rxe1
Rxe4 42. Rxe4 Qf3+ 43. Kg1 Qxe4 44. Qc7 $1 $18 Qe1+ (44... Qxa4 45. Qxf7+ Kh8
46. Qxg6 $18) 45. Kg2 Qe4+ 46. Kh2 Qf3 47. Qb6 g5 48. hxg5 Qh5+ 49. Kg2 Qxg5
50. Qb5 Qg6 51. Qd5 $1 h5 52. a5 Kg7 $6 (52... h4 $142 $18) 53. Qd4+ Kg8 54.
Qc4 h4 $2 55. Qxh4 Qc6+ 56. Kh2 Qc5 57. Qd8+ Kg7 58. Qd2 1-0

[Event "Ter Apel"]
[Site "Ter Apel"]
[Date "1997.03.22"]
[Round "5"]
[White "Van Wely, Loek"]
[Black "Huebner, Robert"]
[Result "1-0"]
[WhiteElo "2645"]
[BlackElo "2600"]
[Annotator "Hansen,LB"]
[PlyCount "113"]
[EventDate "1997.03.17"]
[EventType "tourn"]
[EventRounds "5"]
[EventCountry "NED"]
[EventCategory "16"]
[SourceTitle "CBM 058"]
[Source "ChessBase"]
[SourceDate "1997.06.01"]
[SourceVersion "1"]
[SourceVersionDate "1997.06.01"]
[SourceQuality "1"]

1. d4 {Hecht Ftacnik Huzman} d5 2. c4 dxc4 3. e4 e5 4. Nf3 Bb4+ 5. Nc3 exd4 6.
Nxd4 Ne7 7. Bxc4 Nbc6 8. Be3 O-O (8... Bxc3+ $6 {Ftacnik} 9. bxc3 O-O 10. Qh5
$1 $16 Nxd4 11. cxd4 Ng6 12. O-O Qe7 13. Bd3 b6 14. Rfe1 Bb7 15. e5 c5 $2 (
15... Qa3) 16. dxc5 bxc5 17. e6 Qxe6 18. Bxc5 {1-0 Nikolic,P-Huebner,R/
Muenchen/1994 (22)}) 9. Ndb5 $5 {In my opinion White's strongest continuation
in this position.} (9. O-O) (9. a3 {Ftacnik} Ba5 (9... Bxc3+ 10. bxc3 Na5 11.
Ba2 (11. Be2 b6 (11... Ng6 12. O-O Qe7 13. Qc2 Ne5 14. Rfe1 b6 15. Nf5 (15. a4
$5) 15... Bxf5 16. exf5 Rfe8 17. a4 Rad8 18. h3 (18. Bf4 $5) 18... Nec4 19. Bf4
Nd6 (19... Qe4 20. Qxe4 Rxe4 21. Bxc7 Rde8 22. Rad1 Kf8 23. Rd8 $14) 20. g3
Nab7 (20... Qe4 21. Qxe4 Rxe4 22. Bd3 $11) 21. h4 Qd7 22. Bf1 {1-0 Bareev,
E-Ivanchuk,V/Dortmund (06)/1992 (39)}) (11... f5 $5 12. exf5 Nxf5 $132) 12. O-O
Bb7 (12... Ng6 $5) (12... f5 $5) 13. Qc2 Qe8 $6 (13... Ng6 14. f4 $14) (13...
c5 14. Nb5 Nc8 15. c4 $16) 14. Rad1 Rd8 15. Bf4 Ng6 (15... c5 16. Nb5 Rxd1 (
16... Nc8 17. Nd6 Qe7 18. Nxb7 $16) 17. Rxd1 Ng6 18. Bd6 $16) 16. Bxc7 Bxe4 17.
Qb2 Rxd4 $6 (17... Rd7 18. Bb5 Nc6 (18... Bxg2 19. Rfe1 Qc8 20. Bxd7 Qxc7 21.
Kxg2 Qxd7 22. f3 $16) 19. Bg3 a6 $1 20. Bxc6 Bxc6 21. Qxb6 $16) (17... Rc8 18.
Bd6 Ne7 19. Rfe1 $16) (17... Rd5 18. f3 Bf5 19. c4 $18) 18. cxd4 Bxg2 (18...
Qc6 19. Rc1) 19. Kxg2 (19. Rfe1 Bb7 $132) 19... Qc6+ 20. d5 Qxc7 21. d6 Qb7+
22. f3 {1-0 Kamsky,G-Short,N (01)/PCA-WchQual2 Linares/1994 (45)}) 11... b6 12.
Qe2 c5 13. Nb5 Ng6 14. Rd1 Qe7 15. O-O Be6 16. Bxe6 fxe6 17. f4 Rad8 18. Rxd8
Rxd8 19. e5 Qd7 20. Nd6 {1/2-1/2 Gelfand,B-Huebner,R/Munich SKA (09)/1994/})
10. O-O Bb6 (10... Nxd4 11. Bxd4 Nc6 12. Bc5 $14) 11. Nxc6 Nxc6 12. Bxb6 axb6
13. Qxd8 Nxd8 14. Nd5 Ne6 15. Rfd1 g5 16. Rac1 Ra5 17. Ne7+ Kg7 18. Bxe6 Bxe6
19. Rxc7 Rc5 20. Rxc5 bxc5 21. f3 b5 {Gruenberg,H-Hort,V/BL 9192/1992/1-0 (60)}
) (9. O-O {Ftacnik} Nxd4 10. Bxd4 Nc6 11. Be3 Na5 12. Be2 Bxc3 13. bxc3 b6 $13)
9... Bd7 (9... Be6 $5 10. Bxe6 fxe6 11. Qxd8 (11. O-O a6) 11... Raxd8 12. Nxc7
(12. a3 Bxc3+ 13. Nxc3 Nd4 $11) 12... Kf7 $1 {/\ a6 >< Nc7} (12... Bxc3+ 13.
bxc3 Kf7 14. Nb5 a6 15. Nd4 $16) 13. N7b5 $8 (13. a3 Bxc3+ 14. bxc3 a6 {פc7})
13... a6 14. Na3 (14. Na7 Nd4 $17) (14. a3 Ba5 15. b4 Nxb4 16. axb4 Bxb4 17.
Rb1 Nc6 18. O-O axb5 19. Nxb5 $15) 14... b5 $44 {Azmaiparashvili,Z-Nogueiras,J/
Erevan OL/1996/} (14... b5 {Ftacnik} 15. Nc2 Bxc3+ 16. bxc3 Rd3 17. Bd2 {
Azmaiparashvili,Z-Nogueiras,J/Erevan olm (05) 1996/0-1 (71)})) (9... Ba5 $5 {
Huzman}) 10. a3 Ba5 11. b4 Bb6 12. Bxb6 axb6 13. f4 $1 $16 (13. O-O Ne5 14. Bb3
Bxb5 15. Nxb5 c6 16. Nd6 Nc8 17. Nf5 b5 18. a4 bxa4 19. Bxa4 g6 20. Ne3 Nd6 21.
Nc2 {1/2-1/2/Gavrikov,V-Huebner,R/SWZ-chT/1994/}) 13... Na7 14. Nxa7 Rxa7 15.
O-O {Due to space advantage the white can put their pieces comfortably and
begin the attack at the king's side,where they have pawn's advantage.} Ng6 $146
{A novelty, but probably not an improvement. I believe that White is simply
better after 13.f4!} (15... Kh8 16. Qb3 Qe8 17. Rad1 Ng8 (17... Ba4 18. Nxa4
Qxa4 19. Qxa4 Rxa4 20. Rd7 $18) 18. b5 Be6 19. Bxe6 fxe6 20. Qb4 $16 {
Vyzmanavin,A-Bagirov,V/Podolsk/1992/} (20. Qb4 {Huzman} h6 21. a4 Ra8 22. Qc4
Qe7 23. g3 Rfd8 24. e5 Rac8 25. Ne2 Qc5+ 26. Qxc5 bxc5 27. Nc3 b6 28. Rxd8 Rxd8
29. Rd1 Rxd1+ 30. Nxd1 Ne7 $14)) 16. Qd4 $1 {/\ Rad1; f5} Ba4 $2 {Loses a pawn,
but it is not easy to suggest a reasonable alternative.} (16... Ra8 {Huzman}
17. f5 $1 $40) (16... Bc6 $142 {Huzman} 17. Qe3 $16) 17. Qxd8 Rxd8 18. Bb5 $1 {
xRa7} Bb3 (18... Bxb5 19. Nxb5 Raa8 20. Nxc7 $18) (18... Bc2 {Huzman} 19. Rf2
Bd3 $2 20. Rd2 Nxf4 21. Bxd3 Rxd3 22. Rxd3 Nxd3 23. Rd1 $18) 19. Rfb1 $1 c6 $8
(19... Be6 $2 20. f5 $18) (19... Bc2 20. Rb2 Bd3 21. Rd2 (21. Bxd3 Rxd3 22. Nb5
Ra4) 21... Nxf4 22. g3 (22. Rad1 $1 Rxa3 23. g3 $1 Nh3+ (23... Rxc3 24. gxf4
$18) 24. Kg2 Rxc3 25. Kxh3 $18) (22. Bxd3 $16 {Ftacnik}) 22... Nh3+ 23. Kg2 $6
(23. Kh1 $5 f5 $5 (23... c6 $2 24. Bxd3 Rxd3 25. Rxd3 Nf2+ 26. Kg2 Nxd3 27. Rd1
$18) (23... Raa8 24. Rad1 $1 Rxa3 25. Kg2 $1 Rxc3 26. Kxh3 $18) (23... Bxe4+ $2
24. Nxe4 Rxd2 25. Nxd2) 24. exf5 (24. Bxd3 Rxd3 $1) 24... Rd6 25. Bxd3 Rxd3 26.
Rxd3 Nf2+ 27. Kg2 Nxd3 28. Nb5 Ra4 $1 $14) 23... Bf1+ $1 24. Bxf1 Rxd2+ 25.
Kxh3 c6 $13) 20. Rxb3 cxb5 21. Nxb5 Raa8 22. g3 $16 h5 (22... Rd2 {Huzman} 23.
Rf1 $18 {[%cal Gf1f2]} (23. Rc3 $5) (23. Rc3 $16 {Ftacnik})) 23. Rc3 h4 24. Ra2
Ne7 25. Rc7 Nc6 26. Rc2 (26. Rxb7 {Ftacnik} Nxb4 $132) 26... h3 (26... Nd4 {
Huzman} 27. Nxd4 Rxd4 28. Rc8+ Rxc8 29. Rxc8+ Kh7 30. Rc7 Rxe4 31. Kf2 $18 (31.
Rxf7 $18)) 27. Kf2 (27. Rxb7 {Huzman} Nd4 28. Nxd4 Rxd4 $132 (28... Rxd4 {
Ftacnik} 29. Rcc7 Rd1+ 30. Kf2 Rd2+ 31. Ke1 Rxh2 32. Rxf7 Rxa3 $132)) 27... Nd4
28. Nxd4 Rxd4 29. Rc8+ Rxc8 30. Rxc8+ Kh7 {[#] Hecht Nach mehrfachem
Bauerntausch beschränkt sich Weiß nicht auf einfachen Bauerngewinn mit
fraglichem Endspielausgang, sondern opfert lieber einen Bauern, um mittels
aktivem König seinem Mittelfreibauern zur Metamorphose zu verhelfen.} 31. Kf3
$1 (31. Ke3 {Huzman} Rd1 32. Rc7 Rh1 33. Kf3 {-see game}) (31. e5 $5 {Hecht}
Rd2+ 32. Kf3 Rxh2 {[%cal Rh2a2,Rh3h2]} 33. Kg4 Ra2 34. Kxh3 Rxa3 35. Rc7 $16 {
[%csl Rb7,Rf7] /+-}) 31... Rd2 (31... Rd3+ {Ftacnik} 32. Kg4 $18) 32. Kg4 $1
Rxh2 33. Rc7 {An interesting position. The white K takes care of the h3-pawn,
while the R "eats" the pawns on the 7th rank!} f6 (33... Rh1 34. Rxf7 h2 35.
Kh3 $1 $18) 34. Rxb7 Ra2 (34... Rh1 {Ftacnik} 35. Rxb6 h2 36. Kh3 $18) 35. Kxh3
Rxa3 {King activity is more important than pawns! 36. Rb6, Re3 could be drawn.}
36. Kg4 $1 {King activity is more important than pawns! 36.Rb6, Re3 could be
drawn.} (36. Rxb6 {Huzman} Re3 37. Rc6 (37. Re6 {Hecht} Rb3 38. Rb6 Re3) 37...
Rxe4 38. b5 Rb4 39. b6) 36... Re3 37. Kf5 $1 Rxg3 38. e5 (38. Rxb6 $18 {Ftacnik
}) 38... fxe5 39. fxe5 {[#] Das Endspiel wirkt nun so, als spielte allein
T+e-Bauer gegen Turm. Der schwarze König steht auf der kurzen, also falschen
Seite und die b-Bauern hindern Schwarz an Schachs auf der langen Seite.} Rf3+
40. Ke4 Rf1 41. b5 (41. Rxb6 {Ftacnik} g5 $16) 41... Re1+ 42. Kf5 Rf1+ 43. Ke6
Rf2 (43... Kh6 {Hecht} 44. Rxb6 g5 45. Kd7+ Kg7 46. Rc6 Rb1 47. b6 g4 48. Kc7
g3 49. Rc3 $18) 44. Rd7 $1 {Again van Wely leaves the b6-pawn live. The black
king is not allowed into the game. The difference in king activity decides the
game. Weiß verzichtet jetzt und in der Folge auf das Nehmen von b6, um
jedwedes Gegenspiel mit dem schwarzen g-Bauern auszuschalten.} (44. Rxb6 {
Huzman} g5) 44... Kh6 (44... Rb2 {Huzman} 45. Rd5 {[%cal Ge6d7,Ge5e6]} (45. Kd6
$1 {Ftacnik} Rxb5 46. e6 $18)) 45. Rd6 g5 46. Kd7+ Kg7 (46... Kh5 {Hecht} 47.
e6 $18 {[%cal Re6e7,Re7e8]}) 47. e6 $18 Re2 48. Rd1 (48. e7 $1 {Ftacnik} Kf7)
48... Kf6 49. Rf1+ Kg7 50. Rf7+ Kg6 (50... Kg8 {Ftacnik} 51. Rf5 $18) 51. Rf8
Rd2+ 52. Ke8 Rd5 (52... g4 {Huzman} 53. e7 Rd5 54. Rf4 $18) 53. e7 Kg7 (53...
Rxb5 {Ftacnik} 54. Kd7 $19 (54. Kd7 {Hecht} Re5 55. Kd6 Rxe7 (55... Re1 56.
e8=Q+ Rxe8 57. Rxe8 Kf5 58. Kd5 Kf4 59. Kd4 Kf3 60. Kd3 g4 61. Rf8+ Kg2 62. Ke2
g3 63. Rb8 $18) 56. Kxe7 g4 57. Ke6 Kg5 58. Ke5 $18)) 54. Rf7+ Kg8 55. Rf6 Kg7
(55... Rxb5 {Ftacnik} 56. Kd7 Rd5+ 57. Rd6 Rxd6+ 58. Kxd6 Kf7 59. Kd7 $18) 56.
Rc6 (56. Rxb6 {Ftacnik} g4 57. Rb8 g3 58. Rd8) 56... Rd2 (56... g4 {Huzman} 57.
Rc4 $18) 57. Rc8 {/\ Rd8+-} (57. Rc8 {Ftacnik} g4 (57... Kf6 58. Kf8) 58. Rd8
$18 (58. Rd8 {Hecht} Re2 59. Kd7 Kf6 60. e8=Q Rxe8 61. Rxe8 Kf5 62. Kc6 $18))
1-0

[Event "RUS-ch 68th"]
[Site "Chita"]
[Date "2015.08.11"]
[Round "3"]
[White "Artemiev, Vladislav"]
[Black "Motylev, Alexander"]
[Result "1-0"]
[WhiteElo "2671"]
[BlackElo "2658"]
[Annotator "Havasi,G"]
[PlyCount "47"]
[EventDate "2015.08.09"]
[EventType "tourn"]
[EventRounds "11"]
[EventCountry "RUS"]
[EventCategory "18"]
[SourceTitle "CBM 168"]
[Source "ChessBase"]
[SourceDate "2015.09.14"]
[SourceVersion "1"]
[SourceVersionDate "2015.09.14"]
[SourceQuality "1"]

1. d4 d5 2. c4 dxc4 3. e3 {This allows Black the possibility of ...e5.} (3. Nf3
{is the main move.}) 3... e5 (3... Nf6 4. Bxc4 e6 5. Nf3 {would transpose to
normal lines.}) 4. Bxc4 exd4 5. exd4 Bd6 6. Nf3 Nf6 7. O-O (7. Qe2+ {is
another option} Qe7 8. Qxe7+ Bxe7 9. O-O O-O 10. Nc3 {a recent game went} a6
11. Re1 Bd6 12. Ne5 Nbd7 13. Bb3 Nb6 14. Bg5 $14 {1-0 (61) Sargissian,G (2686)
-Moradiabadi,E (2586) Dubai UAE 2014}) 7... O-O 8. h3 Nc6 9. Nc3 {This is an
important position, Black can choose from several moves.} Bf5 (9... h6 {
is the main move} 10. Re1 Re8 11. Rxe8+ Qxe8 $132 {0-1 (33) Moskalenko,V (2564)
-Navara,D (2708) Barcelona 2011}) 10. Bg5 h6 11. Bh4 g5 (11... Re8 {hasn't
been played} 12. Qd2 {with unclear play.}) (11... Be7 12. Re1 Nd7 13. Bg3 Nb6
14. Bb3 $14 {1-0 (28) Muzychuk,M (2495)-Ozturk,K (2254) Kragujevac 2013}) 12.
Nxg5 $146 (12. Bg3 {is definitely simpler and better} Bxg3 13. fxg3 Bg6 14. Ne5
Nxe5 15. dxe5 Nh5 16. Kh2 $14 {1-0 (25) Liiva,R (2454)-Huebner,R (2595)
Puhajarve EST 2013}) 12... hxg5 13. Bxg5 Re8 $1 {The best.} (13... Be7 14. Re1
$44) 14. Qd2 $2 (14. Nd5 {is a very interesting forced line} Be7 15. Nxf6+ Bxf6
16. Qh5 Be6 17. Bxf6 Qxf6 18. d5 Qe5 $1 19. Qxe5 Nxe5 20. dxe6 Nxc4 21. Rfc1
Na5 22. exf7+ Kxf7 23. Rxc7+ Re7 24. Rxe7+ Kxe7 $15) 14... Nxd4 $1 (14... Re4 {
was also interesting.}) 15. Rad1 c5 16. b4 {White obviously wants to
complicate the game.} b6 17. bxc5 bxc5 18. Rfe1 (18. Nd5 Ne4 $1 {was the plan.}
) 18... Rxe1+ 19. Qxe1 Be6 $4 (19... Be7 $1 $17 {is a very good defensive move.
}) 20. Bxe6 fxe6 21. Rxd4 Bh2+ 22. Kxh2 Qxd4 23. Qxe6+ Kg7 24. Ne2 1-0

[Event "Alushta4"]
[Site "Alushta"]
[Date "1994.??.??"]
[Round "7"]
[White "Vyzmanavin, Alexey"]
[Black "Graf, Alexander"]
[Result "1-0"]
[WhiteElo "2610"]
[BlackElo "2575"]
[Annotator "Hecht,H"]
[PlyCount "219"]
[EventDate "1994.??.??"]
[EventType "tourn"]
[EventRounds "9"]
[EventCountry "UKR"]
[EventCategory "13"]
[SourceTitle "CBM 042"]
[Source "ChessBase"]
[SourceDate "1994.10.01"]
[SourceVersion "1"]
[SourceVersionDate "1994.10.01"]
[SourceQuality "1"]

1. d4 d5 2. c4 dxc4 3. e4 Nf6 4. e5 Nd5 5. Bxc4 Nb6 6. Bb3 Nc6 7. Ne2 Bf5 8.
Nbc3 e6 9. O-O Qd7 10. a3 Rd8 11. Be3 Be7 12. Ba2 Na5 13. Ng3 Bg6 14. Qe2 O-O
15. b4 Nc6 16. Rad1 Nd5 17. Nxd5 exd5 18. Qd2 a5 19. b5 Na7 20. a4 c6 21. f4
Bb4 22. Qf2 f5 23. exf6 gxf6 24. f5 Bf7 25. Bh6 Rfe8 26. Qf4 Bf8 27. Bxf8 Rxf8
28. Qh6 Be8 29. Ne4 Qg7 30. Qxg7+ Kxg7 31. Nc5 Bf7 32. b6 Nc8 33. Nxb7 Nxb6 34.
Nxd8 Rxd8 35. Bb3 Nc4 36. Kf2 Nd6 37. Bc2 Rc8 38. Bd3 c5 39. dxc5 Rxc5 40. Ke3
Rc7 41. Kd4 Nc4 42. Rc1 Kh6 43. Rc3 Rb7 44. Rb1 Nb2 45. Bb5 Nc4 46. Rbb3 Nd2
47. Rh3+ Kg7 48. Rbg3+ Kh8 49. Re3 Nc4 50. Rh6 Kg7 51. Reh3 Bg8 52. R6h4 Kf8
53. Rf4 Rb8 54. g4 Ke7 55. Rh6 Nd6 56. Rf1 Nxb5+ 57. axb5 Rxb5 58. Re1+ Kf7 59.
g5 Rb4+ 60. Kc5 fxg5 61. Ra6 Rf4 62. Re5 Kg7 63. f6+ Rxf6 64. Rxg5+ Kh6 65.
Rxf6+ Kxg5 66. Ra6 Bf7 67. Rxa5 Kg4 68. Ra3 Kh4 69. Rg3 Be6 70. Kd4 Bf7 71. Ke5
Bg6 72. Kxd5 Bb1 (72... Bf5 73. Ke5 Bg4 74. Kf4 h5 75. Ke3 Bh3 76. Kf2 Be6 77.
Kg2 Bd5+ 78. Kf2 Be6 79. Rd3 Bf5 80. Re3 Bd7 $13 {Auf Kg2 /\ h3 nebstR-Schach
und h4, muß der B auf der Diagonalen Schach geben können.} 81. Re4+ Kh3 82. Kg1
Bc8) 73. Ke5 Bg6 74. Kf4 Bb1 75. Ke3 Bg6 76. Kf2 Bb1 (76... Bf5 $5) 77. h3 $1
Bg6 78. Kg2 Be4+ 79. Kh2 Bf5 80. Rf3 Bb1 81. Rf4+ Kg5 82. Kg3 Bc2 83. Rc4 Bb1
84. Rc5+ Kf6 85. Kf4 Ke6 86. Kg5 Bd3 87. Rc7 Be4 88. h4 Bd3 89. Kh6 Be4 90. Rc4
Bd3 91. Rf4 Bg6 92. Kg7 Bf5 93. h5 Bc2 94. Rf1 Ke7 95. Re1+ Kd7 96. Kf6 Kd8 97.
Re2 Bb1 98. Rb2 Be4 99. Ke5 Bf3 100. h6 Ke8 101. Ke6 Kd8 102. Ke5 Ke8 103. Rf2
Bh5 104. Rg2 Kf8 105. Kf6 Bf3 106. Rc2 Ke8 107. Rc7 Kd8 (107... Be4 108. Re7+
$18) 108. Rxh7 Be4 109. Rg7 Ke8 110. h7 1-0